Top 10 countries with the most wild lions - Statistics

General Stats
  • This quiz has been taken 26 times
    5 since last reset
  • The average score is 8 of 11
Answer Stats
Number Answer % Correct
1,239 Ethiopia
100%
2,515 Kenya
100%
3,284 South Africa
100%
3,063 Botswana
80%
801 Namibia
80%
2,349 Zambia
80%
678 Mozambique
60%
866 South Sudan
60%
14,500 Tanzania
60%
1,362 Zimbabwe
60%
Total 33,000
0%
No matching quizzes found
Score Distribution
Percent of People with Each Score
Percentile by Number Answered
Your Score History
You have not taken this quiz since the last reset